000 00990nam a2200253Ia 4500
003 IN-BaIIA
008 211028s9999 xx 000 0 eng d
040 _cIIA Library
080 _a538.12(082.1)
_bHIG
111 _aInternational conference on high magnetic fields
_cCambridge, Massachusetts
_d1961 Nov. 1-4
_94400
245 0 _aHigh magnetic fields
_bproceedings of the international conference on high magnetic fields, held in Cambridge, Massachusetts, November 1-4, 1961
_cedited by Henry Kolm…[et al.]
260 _aNew York
_bMIT Press
_c1962
300 _axv, 751p.
650 _aElectromagnetic fields
_92908
650 _aElectromagnetism
_9540
650 _aElectromechanics
_94401
650 _aNASA Thesaurus
650 _aQuantum electrodynamics
_92630
700 _aBitter, Francis, ed.
_94402
700 _aKolm, Henry, ed.
_94403
700 _aLax, Benjamin, ed.
_94404
700 _aMills, Robert., ed.
_94405
942 _cBK
999 _c2462
_d2462